00466nam a22001457a 4500008004100000020001500041050002200056100003300078245008500111250001200196260003400208300001800242650003300260650002700293220608b |||||||| |||| 00| 0 eng d a1571051585 aK5455b.K56 2008  aKnoops, Greert-Jan Alexander aDefenses in Contemporary International Criminal LawcGreert-Jan Alexander Knoops a2nd ed. aUSAbNijhoff Publishersc2008 axxxvii, 334p. aDefensesvcriminal procedure aInternational offenses